000 00280nam a22001217a 4500
082 _a823
_bROB/T
100 _aARTHUR, ROBERT
245 _aTHE THREE INVESTIGATORS
260 _aNEW YORK
_bRANDOM HOUSE
_c1996
300 _a152
650 _aENGLISH STORY
_zUNITED STATES
942 _cBK
999 _c7292
_d7292